[Event "CRO-ch U11 Girls"]
[Site "Trogir"]
[Date "2023.06.23"]
[Round "5"]
[White "Kosar, Ines"]
[Black "Crvelin, Nina"]
[Result "1/2-1/2"]
[WhiteElo "1025"]
[BlackElo "1312"]
[PlyCount "144"]
[EventDate "2023.06.21"]
[EventType "swiss"]
[EventRounds "9"]
[EventCountry "CRO"]
[SourceTitle "EXT 2024"]
[Source "ChessBase"]
[SourceDate "2023.10.10"]
[SourceVersion "1"]
[SourceVersionDate "2023.10.10"]
[SourceQuality "1"]

1. Nf3 Nf6 2. g3 g6 3. Bg2 Bg7 4. 0-0 0-0 5. d4 d6 6. c4 c5 7. d5 e6 8. dxe6 Bxe6 9. Bf4 d5 10. Ng5 Nc6 11. Nxe6 fxe6 12. Nc3 dxc4 13. Bd6 Re8 14. Bxc5 a6 15. Rb1 Rc8 16. Qa4 Na5 17. Qb4 b5 18. Rbd1 Nd7 19. Be3 Bf8 20. Rd6 Bxd6 21. Qxd6 Nb8 22. Qxd8 Rcxd8 23. Bb6 Rd7 24. Bxa5 Rf7 25. Ne4 Ref8 26. Rd1 Nc6 27. Bb6 Ne5 28. f4 Ng4 29. h3 Nf6 30. Ng5 Rd7 31. Rxd7 Nxd7 32. Be3 Re8 33. Bc6 Re7 34. Bd2 h6 35. Bb4 Rg7 36. Bc3 Re7 37. Bf6 Nxf6 38. Nf3 Rc7 39. Ne5 Nd5 40. Bxd5 exd5 41. Nxg6 c3 42. bxc3 Rxc3 43. Kf2 Kf7 44. f5 b4 45. g4 b3 46. axb3 Rxb3 47. h4 a5 48. Ne5+ Kf6 49. Nf3 a4 50. Nd4 Rb2 51. Kf3 a3 52. Kf4 a2 53. g5+ hxg5+ 54. hxg5+ Ke7 55. f6+ Ke8 56. g6 a1Q 57. f7+ Kd7 58. f8Q Qf1+ 59. Nf3 Qc1+ 60. Kg4 Rb1 61. Qf5+ Kc6 62. Qc8+ Kb5 63. Qd7+ Kb4 64. Qb7+ Ka3 65. Qa8+ Kb2 66. Qb7+ Kc2 67. Qc6+ Kd1 68. Qxd5+ Kxe2 69. Qe5+ Kd3 70. Qd5+ Ke2 71. Qe5+ Qe3 72. Qxe3+ Kxe3 1/2-1/2